[Event "Paleochora op 5th"]
[Site "Paleochora"]
[Date "2012.07.16"]
[Round "1"]
[White "Shyam, Sundar M"]
[Black "Stamatakos, Dimitrios"]
[Result "1-0"]
[WhiteElo "2486"]
[BlackElo "1738"]
[PlyCount "33"]
[EventDate "2012.07.16"]
[EventType "swiss"]
[EventRounds "9"]
[EventCountry "GRE"]
[SourceTitle "CBM 149 Extra"]
[Source "ChessBase"]
[SourceDate "2012.08.24"]
[SourceVersion "1"]
[SourceVersionDate "2012.08.24"]
[SourceQuality "1"]

1. e4 b6 2. d4 Bb7 3. Bd3 e6 4. Nf3 d6 5. Nc3 Nd7 6. Qe2 a6 7. a4 Ne7 8. h4 h5 9. Ng5 e5 10. Bc4 Qb8 11. Bxf7+ Kd8 12. Bxh5 Kc8 13. dxe5 dxe5 14. Bg4 c5 15. Be3 Bc6 16. Rd1 Qb7 17. Nf7 1-0

[Event "Aegean op 33rd"]
[Site "Aghios Kirykos"]
[Date "2010.07.18"]
[Round "6"]
[White "Stamatakos, Dimitrios"]
[Black "Iordanidou, Zoi"]
[Result "0-1"]
[WhiteElo "1846"]
[BlackElo "2107"]
[PlyCount "88"]
[EventDate "2010.07.13"]
[EventType "swiss"]
[EventRounds "9"]
[EventCountry "GRE"]
[SourceTitle "CBM 137 Extra"]
[Source "ChessBase"]
[SourceDate "2010.09.01"]
[SourceVersion "1"]
[SourceVersionDate "2010.09.01"]
[SourceQuality "1"]

1. Nf3 f5 2. c4 Nf6 3. Nc3 e6 4. d4 d5 5. Bg5 c6 6. e3 Bb4 7. Rc1 0-0 8. Bd3 Qe8 9. Bxf6 Rxf6 10. Ne5 Nd7 11. a3 Bd6 12. Nxd7 Bxd7 13. c5 Bc7 14. f4 Qe7 15. Qf3 Rh6 16. Nd1 g5 17. h3 gxf4 18. exf4 Qg7 19. Qf2 Bd8 20. Rg1 Bf6 21. Ne3 Bxd4 22. g4 Kh8 23. gxf5 Qf6 24. Rg3 exf5 25. Rc2 Re8 26. Re2 Bxc5 27. Qg2 Bxe3 28. Rexe3 Rxe3+ 29. Rxe3 Rg6 30. Qc2 Qh4+ 31. Qf2 Qxf2+ 32. Kxf2 Rg7 33. Re5 Rf7 34. b4 Kg7 35. Ke3 Kf6 36. Kd4 Rg7 37. Re3 Re7 38. Rg3 Be6 39. Kc5 Rc7 40. Re3 Rd7 41. b5 d4 42. bxc6 Rd5+ 43. Kb4 dxe3 44. cxb7 Rxd3 0-1

[Event "Rethymno op 1st"]
[Site "Rethymno"]
[Date "2009.07.12"]
[Round "1"]
[White "Stamatakos, Dimitrios"]
[Black "Banikas, Hristos"]
[Result "0-1"]
[WhiteElo "1824"]
[BlackElo "2598"]
[PlyCount "42"]
[EventDate "2009.07.12"]
[EventType "swiss"]
[EventRounds "9"]
[EventCountry "GRE"]
[SourceTitle "CBM 131 Extra"]
[Source "ChessBase"]
[SourceDate "2009.09.03"]
[SourceVersion "2"]
[SourceVersionDate "2009.09.16"]
[SourceQuality "1"]

1. Nf3 Nf6 2. d4 g6 3. c4 Bg7 4. Bf4 c5 5. e3 cxd4 6. exd4 d5 7. Nbd2 0-0 8. Be2 Nc6 9. c5 Ne4 10. Be3 b6 11. cxb6 Qxb6 12. Nb3 a5 13. a4 Rb8 14. Bb5 Ba6 15. Bxa6 Qxa6 16. Nc5 Nxc5 17. dxc5 Rxb2 18. Rb1 Rxb1 19. Qxb1 Rb8 20. Qd1 Bc3+ 21. Nd2 Qd3 0-1

[Event "Nikaia op 14th"]
[Site "Nikaia"]
[Date "2006.08.??"]
[Round "6"]
[White "Sideris, Theodoros"]
[Black "Stamatakos, Dimitrios"]
[Result "0-1"]
[WhiteElo "2044"]
[BlackElo "1796"]
[PlyCount "74"]
[EventDate "2006.08.??"]
[EventType "swiss"]
[EventRounds "9"]
[EventCountry "GRE"]
[SourceTitle "EXT 2008"]
[Source "ChessBase"]
[SourceDate "2007.11.25"]
[SourceVersion "1"]
[SourceVersionDate "2007.11.25"]
[SourceQuality "1"]

1. e4 e6 2. d4 d5 3. Nc3 dxe4 4. Nxe4 Nc6 5. Nf3 Nf6 6. Nxf6+ gxf6 7. Bd3 e5 8. dxe5 Nxe5 9. Nxe5 fxe5 10. Qh5 Qf6 11. Bg5 Qg7 12. 0-0-0 Be6 13. Kb1 h6 14. Bh4 Bg4 15. Bf5 Bxd1 16. Bd7+ Kxd7 17. Qf5+ Ke8 18. Bf6 Bxc2+ 19. Kxc2 Qh7 20. Qxh7 Rxh7 21. Re1 Bd6 22. f4 e4 23. Rxe4+ Kd7 24. Rd4 Re8 25. Rd2 h5 26. f5 Kc6 27. g3 Re1 28. Kb3 Re3+ 29. Ka4 b6 30. a3 Kb7 31. b4 a6 32. Bb2 Be5 33. Bc1 b5+ 34. Ka5 Rf3 35. a4 Rf1 36. Ba3 Ra1 37. Rd3 Bb2 0-1